Suurimmat kaupungit kirjaimittain - K - Statistics

Yleistilastot
  • Tätä visaa on pelattu 876 kertaa
  • Keskiarvotulos 12 / 20
Vastaustilastot
Valtio Väkiluku Kaupunki % Oikein
Egypti 22,2 milj. Kairo
98%
Ukraina 3,48 milj. Kiova
90%
Malesia 9,10 milj. Kuala Lumpur
82%
Kuwait 4,20 milj. Kuwait
80%
Etelä-Afrikka 4,45 milj. Kapkaupunki
78%
Saksa 4,98 milj. Köln
78%
Afganistan 4,80 milj. Kabul
77%
Nepal 3,08 milj. Kathmandu
76%
Kongon demokraattinen tasavalta 15,0 milj. Kinshasa
72%
Intia 17,4 milj. Kalkutta
70%
Kiina 67,8 milj. Kanton
63%
Uganda 3,98 milj. Kampala
60%
Sudan 6,85 milj. Khartum
60%
Pakistan 19,1 milj. Karachi
57%
Puola 2,25 milj. Katowice
43%
Nigeria 5,20 milj. Kano
32%
Ghana 2,85 milj. Kumasi
23%
Kiina 6,25 milj. Kunming
22%
Intia 3,60 milj. Kanpur
19%
Taiwan 2,85 milj. Kaohsiung
18%
Ehtoja vastaavia visoja ei löytynyt
Tulosjakauma
Jokaisen tuloksen saaneiden osuus
Persentiili vastausten määrän mukaan
Tuloshistoriasi
Et ole pelannut tätä visaa